Facultad de Derecho – Universidad Nacional de Mar del Plata

II Encuentro Cuyano de Derecho (Record no. 3635)

MARC details
000 -CABECERA
campo de control de longitud fija 00531nam a22001817a 4500
020 ## - NUMERO INTERNACIONAL NORMALIZADO PARA LIBROS (ISBN)
International Standard Book Number 9789871123551
080 ## - NUMERO DE CLASIFICACION DECIMAL UNIVERSAL (CDU)
Número de la Clasificación Decimal Universal 347.53 Ac 23
245 ## - MENCION DE TITULO
Título propiamente dicho II Encuentro Cuyano de Derecho
Parte restante del título Accidentologìa Vial
260 ## - PUBLICACION, DISTRIBUCION, ETC. (PIE DE IMPRENTA)
Lugar de publicación, distribución, etc. Còrdoba
Nombre del editor, distribuidor, etc. Acadmia nacional de Derecho y Ciencias Socailes de Còrdoba
Fecha de publicación, distribución, etc. 2009
300 ## - DESCRIPCION FISICA
Extensión 286 P.
Dimensiones 23 X 16 Cm.
650 ## - ASIENTO SECUNDARIO DE MATERIA - TERMINO TEMATICO
Subdivisión general acidentes de trànsito
650 ## - ASIENTO SECUNDARIO DE MATERIA - TERMINO TEMATICO
Subdivisión general accidentologìa vial
650 ## - ASIENTO SECUNDARIO DE MATERIA - TERMINO TEMATICO
Subdivisión general leyes de trànsito
650 ## - ASIENTO SECUNDARIO DE MATERIA - TERMINO TEMATICO
Subdivisión general daño moral
650 ## - ASIENTO SECUNDARIO DE MATERIA - TERMINO TEMATICO
Subdivisión general seguridad vial
945 ## - INFORMACION DE PROCESAMIENTO LOCAL
Responsable de carga/modificación Celeste Delía
AAAA-MM-DD - Fecha de ingreso/modificación 2015-03-18
942 ## - ELEMENTOS AGREGADOS (KOHA)
Clasificación normalizada de Koha para alfabetizar _
Holdings
Retirado Perdido Dañado No se presta Ubicación permanente Locación actual Estante o sala Fecha de adquisición Total préstamos Signatura topográfica Inventario Ultima fecha vista Fecha del precio Tipo de item de Koha
        Bib. Derecho Bib. Derecho Biblioteca Graduados 18/03/2015   347.53 Ac 23 300562 18/03/2015 18/03/2015 LIBRO (Consulta)

XHTML | CSS | ©Biblioteca Central - Dto. Tecnología de la Información - [ Con tecnología Koha ]